书目信息 |
| 题名: |
人类服饰文化学
|
|
| 作者: | 华梅 | |
| 分册: | ||
| 出版信息: | 天津 天津人民出版社 1995 |
|
| 页数: | ||
| 开本: | 26cm | |
| 丛书名: | ||
| 单 册: | ||
| 中图分类: | G1 | |
| 科图分类: | ||
| 主题词: | 文化事业--概况--世界 , 文化事业--基本建设 | |
| 电子资源: | ||
| ISBN: | 7-201-02185-0 | |
| 000 | 00524nam0 2200193 450 | |
| 001 | 0735257515 | |
| 005 | 20070904094737.51 | |
| 010 | @a7-201-02185-0@b精装@d198 | |
| 100 | @a20070904d km y0chiy0120 ea | |
| 101 | 0 | @achi |
| 200 | 1 | @a人类服饰文化学@Aren lei fu shi wen hua xue@f华梅@Fhua mei |
| 210 | @a天津@c天津人民出版社@d1995 | |
| 215 | @d26cm | |
| 606 | 0 | @a文化事业@x概况@x世界 |
| 606 | 0 | @a文化事业@x基本建设 |
| 690 | @aG1@v3 | |
| 701 | 0 | @a华梅@Ahua mei |
| 801 | 0 | @aCN@bPFT@c20070904 |
| 905 | @a213230@dG1@ea23@f1 | |
| 人类服饰文化学/华梅.-天津:天津人民出版社,1995 |
| 26cm |
| ISBN 7-201-02185-0(精装):198 |
| ● |
| 相关链接 |
|
|
|
|
正题名:人类服饰文化学
索取号:G1/a23
 
预约/预借
| 序号 | 登录号 | 条形码 | 馆藏地/架位号 | 状态 | 备注 |
| 1 | 7503315 | 275033152 | 密集书库-史法系/ [索取号:G1/a23] | 在馆 |